Pays les plus proches de la Turquie - Statistiques

Statistiques générales
  • Ce quiz a été pris 36 903 fois
  • Le résultat moyen est 16 sur 20
Statistiques - réponses
km pays % Correct
0 Grèce
94%
0 Irak
90%
0 Iran
89%
0 Syrie
88%
0 Arménie
85%
285 Israël
85%
136 Russie
85%
0 Géorgie
84%
0 Bulgarie
81%
69 Chypre
81%
125 Liban
80%
0 Azerbaïdjan
79%
198 Roumanie
77%
342 Jordanie
74%
365 Ukraine
71%
420 Albanie
67%
274 Macédoine du Nord
67%
387 Moldavie
62%
322 Serbie
62%
388 Kosovo
61%
Aucun quiz correspondant
Distribution des résultats
% des personnes avec chaque résultat
Percentile par nombre de réponses
Votre historique - résultats
Vous n’avez pas pris ce quiz